A History Of Sufism In India : (Record no. 351938)

000 -LEADER
fixed length control field 00614nam a22001937a 4500
003 - CONTROL NUMBER IDENTIFIER
control field OSt
005 - DATE AND TIME OF LATEST TRANSACTION
control field 20180116183059.0
008 - FIXED-LENGTH DATA ELEMENTS--GENERAL INFORMATION
fixed length control field 161124b xxu||||| |||| 00| 0 eng d
020 ## - INTERNATIONAL STANDARD BOOK NUMBER
International Standard Book Number 9695190596
040 ## - CATALOGING SOURCE
Transcribing agency 0
082 ## - DEWEY DECIMAL CLASSIFICATION NUMBER
Classification number 297.40954 RIZ 2004
100 ## - MAIN ENTRY--PERSONAL NAME
Personal name Rizvi,Saiyid Athar Abbas
245 ## - TITLE STATEMENT
Title A History Of Sufism In India :
Remainder of title Early Sufism and its History in India to AD 1600
Statement of responsibility, etc. Saiyid Athar Abbas Rizvi
260 ## - PUBLICATION, DISTRIBUTION, ETC.
Place of publication, distribution, etc. Lahore
Name of publisher, distributor, etc. Suhail Academy
Date of publication, distribution, etc. 2004
300 ## - PHYSICAL DESCRIPTION
Extent 467p.
Other physical details HB.
440 ## - SERIES STATEMENT/ADDED ENTRY--TITLE
Title A History Of Sufism In India :Early Sufism and its History in India to AD 1600
Volume/sequential designation I
500 ## - GENERAL NOTE
General note HB.
942 ## - ADDED ENTRY ELEMENTS (KOHA)
Source of classification or shelving scheme
Koha item type Book
Holdings
Withdrawn status Lost status Source of classification or shelving scheme Damaged status Not for loan Permanent Location Current Location Shelving location Date acquired Full call number Barcode Date last seen Price effective from Koha item type
          Central Library (CL) Central Library (CL) General Stacks 11/24/2016 297.40954 RIZ NBSD-1416 11/28/2016 11/24/2016 Book
© 2023 Central Library, National University of Sciences and Technology. All Rights Reserved.